| 000 | 00681nam a2200193Ia 4500 | ||
|---|---|---|---|
| 005 | 20201112150113.0 | ||
| 008 | 130821s1935 cl gr spa | ||
| 040 |
_aCo-BoUCM _bspa _cDeissy Garcia (modificó) _dDeissy Garcia (modificó) |
||
| 041 | _aspa | ||
| 100 | 1 |
_aPalma Rogers, Gabriel _996283 |
|
| 245 | 1 | 0 |
_aDerecho comercial _cGabriel Palma Rogers |
| 260 |
_aSantiago de Chile (Chile) _bArtuffo-Huerfanos _c1935 |
||
| 300 | _a2 volúmenes | ||
| 650 | 0 | 4 |
_aContratos comerciales _zChile _911829 |
| 650 | 0 | 4 |
_aDerecho comercial _912717 |
| 650 | 0 | 4 |
_aDerecho comercial _zChile _939425 |
| 942 |
_cLIBRORESER _a8 _e1 _mP171d _2DEWEY _h346.07 _n0 |
||
| 999 |
_c334 _d334 |
||